Tras de cuernos, palos: percepciones sobre Costa Rica como imán de bienestar en la crisis del Seguro Social = From the frying pan into the fire: perceptions of Costa Rica as a welfare magnet in the context of a social security crisis /
Guardat en:
| Autor principal: | |
|---|---|
| Altres autors: | |
| Format: | Text |
| Etiquetes: |
Afegir etiqueta
Sense etiquetes, Sigues el primer a etiquetar aquest registre!
|
MARC
| LEADER | 00000 a a2200000 04500 | ||
|---|---|---|---|
| 001 | 47930 | ||
| 003 | |||
| 040 | |||
| 100 | |a Voorend, Koen | ||
| 245 | |a Tras de cuernos, palos: percepciones sobre Costa Rica como imán de bienestar en la crisis del Seguro Social = |b From the frying pan into the fire: perceptions of Costa Rica as a welfare magnet in the context of a social security crisis / |c Koen Voorend, Karla Venegas Bermúdez | ||
| 700 | |a Venegas Bermúdez, Karla | ||
| 773 | |g número145, (2014), páginas 13-33 | ||
| 999 | |c 29659 |d 29659 | ||
| 773 | 0 | |0 18728 |9 3012 |a Universidad de Costa Rica |d San José, Costa Rica Editorial UCR 1956- |o 17142 |t Revista de Ciencias Sociales/ |x 04825276 | |
